Studium tepelné únavy materiálu

Bibliographic Details
Main Author: Vodseďálek, Josef, 1924- (Author)
Format: Book
Language:Undetermined
PhysicalDescription:149 s.
Published: Praha SVÚM 1966

MARC

LEADER 00000nam a2200000 a 4500
001 vtls001385027
003 SK-MaSNL
005 20260302034504.0
008 240314s1966 xx 0 und
035 |a SNK000339146 
040 |a SNK  |b slo  |c SNK  |e AACR2 
100 1 |a Vodseďálek, Josef,  |d 1924-  |4 aut  |9 107476 
245 1 0 |a Studium tepelné únavy materiálu 
260 |a Praha  |b SVÚM  |c 1966 
300 |a 149 s. 
958 |a OND 
999 |c 1066521  |d 1068451 
952 |t P60, <04>, [BOOK], {604}  |a SNK  |b SNK  |y VYP  |7 0  |p 17A0231623  |o snkID 41887 D1  |0 0  |1 1  |4 0  |d 2000-03-14  |l 0  |r 2005-01-02 00:00:00  |w 2026-02-24